[Event "46th Capablanca Memorial Open A"]
[Site "Havana CUB"]
[Date "2010.05.11"]
[Round "1.1"]
[White "Nogueiras Santiago, Jesus"]
[Black "Larrua Gonzalez, Fernando Oscar"]
[Result "1-0"]
[WhiteTitle "GM"]
[BlackTitle "FM"]
[WhiteElo "2565"]
[BlackElo "2316"]
[WhiteFideId "3500020"]
[BlackFideId "3510662"]
[EventDate "2011.05.11"]

1. c4 e6 2. e4 d5 3. exd5 exd5 4. d4 Nf6 5. Nc3 c6 6. Nf3 Be7 7. Bd3 O-O 8. O-O
dxc4 9. Bxc4 Nbd7 10. Re1 Nb6 11. Bb3 Nbd5 12. h3 Re8 13. a3 Be6 14. Bc2 c5 15.
Bg5 Nxc3 16. bxc3 c4 17. Qb1 g6 18. Rxe6 fxe6 19. Bxg6 Rf8 20. Bh6 Kh8 21. Bxf8
Bxf8 22. Ne5 Qb6 23. Bf7 Qxb1+ 24. Rxb1 b6 25. Bxe6 Ne4 1-0

[Event "46th Capablanca Memorial Open A"]
[Site "Havana CUB"]
[Date "2010.05.11"]
[Round "1.2"]
[White "Lopez Vilier, Luis Angel"]
[Black "Bacallao Alonso, Yusnel"]
[Result "0-1"]
[WhiteTitle "FM"]
[BlackTitle "IM"]
[WhiteElo "2316"]
[BlackElo "2530"]
[WhiteFideId "3509320"]
[BlackFideId "3507416"]
[EventDate "2011.05.11"]

1. c4 Nf6 2. Nc3 d5 3. cxd5 Nxd5 4. e4 Nxc3 5. dxc3 Qxd1+ 6. Kxd1 Nd7 7. Kc2 Nc5
8. f3 e5 9. Bc4 a5 10. Be3 c6 11. a3 Be7 12. Ne2 b5 13. Ba2 f5 14. b4 Na4 15.
Bb3 Rf8 16. Nc1 fxe4 17. fxe4 c5 18. Bd5 Ra6 19. bxa5 c4 20. Na2 Bc5 21. Bxc5
Nxc5 22. Raf1 Raf6 23. Rxf6 Rxf6 24. Kb1 Nb3 25. Nb4 Nxa5 26. h3 Bd7 27. Rc1 Nb3
28. Rc2 Nc5 29. Rd2 Rf1+ 30. Kc2 Re1 31. Bc6 Bxc6 32. Nxc6 Nxe4 33. Rd8+ Kf7 34.
Nxe5+ Kf6 35. Nf3 Re2+ 36. Kc1 Rxg2 37. Nd4 Nxc3 38. Rd7 Ne2+ 39. Nxe2 Rxe2 40.
Rb7 Re5 41. Rb6+ Kg5 42. Rb7 Kh6 43. Rb6+ Kh5 0-1

[Event "46th Capablanca Memorial Open A"]
[Site "Havana CUB"]
[Date "2010.05.11"]
[Round "1.3"]
[White "Luther, Thomas"]
[Black "Mendez Fortes, Eduardo Jesus"]
[Result "1/2-1/2"]
[WhiteTitle "GM"]
[BlackTitle "FM"]
[WhiteElo "2525"]
[BlackElo "2316"]
[WhiteFideId "4611420"]
[BlackFideId "3502376"]
[EventDate "2011.05.11"]

1. e4 c5 2. Nf3 d6 3. d4 cxd4 4. Nxd4 Nf6 5. Nc3 a6 6. Bg5 e6 7. Qe2 Nbd7 8.
O-O-O Qc7 9. f4 Be7 10. g4 h6 11. Bxf6 Bxf6 12. h4 Qc5 13. Nb3 Qc7 14. Rh3 b5
15. e5 dxe5 16. f5 Nb6 17. Ne4 Nd5 18. g5 Be7 19. f6 gxf6 20. gxf6 Bf8 1/2-1/2

[Event "46th Capablanca Memorial Open A"]
[Site "Havana CUB"]
[Date "2010.05.11"]
[Round "1.4"]
[White "de Francesco, Klaus"]
[Black "Gomez Garrido, Camilo"]
[Result "0-1"]
[WhiteTitle "FM"]
[BlackTitle "IM"]
[WhiteElo "2312"]
[BlackElo "2516"]
[WhiteFideId "4613945"]
[BlackFideId "3507904"]
[EventDate "2011.05.11"]

1. d4 d5 2. c4 c6 3. Nf3 Nf6 4. Nc3 a6 5. c5 Nbd7 6. Bf4 Nh5 7. Bg5 h6 8. Bd2
Qc7 9. g3 e5 10. dxe5 Nxe5 11. Nxe5 Qxe5 12. Na4 Bg4 13. Bg2 Be7 14. h3 Be6 15.
O-O O-O 16. Bc3 Qc7 17. e4 Nf6 18. e5 Nd7 19. Bd4 f6 20. exf6 Bxf6 21. Re1 Rae8
22. Bxf6 Nxf6 23. Nc3 Qd7 24. Kh2 Bf7 25. Qd4 Rxe1 26. Rxe1 Re8 27. Rxe8+ Qxe8
28. b4 Nd7 29. f4 Nf6 30. a4 Qe1 31. g4 Nd7 32. Ne4 Nf8 33. Nd6 Ne6 34. Qe5 Qf2
35. Nxf7 Kxf7 36. Qf5+ Ke7 37. Kh1 Qxf4 38. Qh7 Qxb4 0-1

[Event "46th Capablanca Memorial Open A"]
[Site "Havana CUB"]
[Date "2010.05.11"]
[Round "1.5"]
[White "Ibarra Chami, Luis Fernando"]
[Black "Ostos, Julio"]
[Result "1-0"]
[WhiteTitle "IM"]
[BlackTitle "IM"]
[WhiteElo "2514"]
[BlackElo "2310"]
[WhiteFideId "5105048"]
[BlackFideId "3900053"]
[EventDate "2011.05.11"]

1. c4 Nf6 2. Nc3 c5 3. e4 Nc6 4. g4 h6 5. d3 d6 6. h3 e5 7. Nge2 Nd4 8. Bg2 Nh7
9. Ng3 Be7 10. Nf5 O-O 11. Be3 Bg5 12. h4 Nxf5 13. Bxg5 hxg5 14. gxf5 gxh4 15.
Qh5 g6 16. fxg6 fxg6 17. Qxg6+ Kh8 18. Qh6 Rf4 19. Nd5 Rg4 20. Bf3 Qg5 21. Qxd6 1-0

[Event "46th Capablanca Memorial Open A"]
[Site "Havana CUB"]
[Date "2010.05.11"]
[Round "1.6"]
[White "Illas Pueyo, Leonardo"]
[Black "Gonzalez Vidal, Yuri"]
[Result "1/2-1/2"]
[WhiteTitle "FM"]
[BlackTitle "GM"]
[WhiteElo "2310"]
[BlackElo "2504"]
[WhiteFideId "3504212"]
[BlackFideId "3503321"]
[EventDate "2011.05.11"]

1. Nf3 c5 2. c4 Nc6 3. g3 e5 4. Nc3 g6 5. d3 Bg7 6. Bg2 d6 7. O-O Nge7 8. a3 a5
9. Ne1 Be6 10. Nd5 O-O 11. Rb1 Rb8 12. Nxe7+ Nxe7 13. b4 d5 14. bxc5 dxc4 15.
Qc2 Nf5 16. dxc4 Nd4 17. Qa2 Qc8 18. e3 Nc6 19. Bd2 Bh3 20. Qc2 Rd8 21. Rb5 e4
22. Bxa5 Bxg2 23. Kxg2 Nxa5 24. Rxa5 Qe6 25. Rb5 Rbc8 26. Kg1 h6 27. Ng2 g5 28.
Rxb7 Rxc5 29. Rb4 Rd3 30. Qa4 Rc3 31. Qa8+ Kh7 32. f3 R5xc4 33. fxe4 Rc1 34.
Rxc4 Rxf1+ 35. Kxf1 Qxc4+ 36. Kf2 Qc2+ 37. Kf1 Qd1+ 38. Kf2 Qd2+ 39. Kf1 Qd1+
40. Kf2 Qd2+ 1/2-1/2

[Event "46th Capablanca Memorial Open A"]
[Site "Havana CUB"]
[Date "2010.05.11"]
[Round "1.7"]
[White "Oms Pallisse, Josep"]
[Black "Machado Escanio, Michel"]
[Result "1/2-1/2"]
[WhiteTitle "GM"]
[BlackTitle "FM"]
[WhiteElo "2501"]
[BlackElo "2309"]
[WhiteFideId "2205521"]
[BlackFideId "3506290"]
[EventDate "2011.05.11"]

1. d4 d5 2. c4 Nc6 3. Nf3 Bg4 4. Qa4 Bxf3 5. gxf3 e6 6. Nc3 Nf6 7. e3 a6 8. Bd2
dxc4 9. Qxc4 e5 10. dxe5 Nxe5 11. Qe2 Bb4 12. O-O-O Qe7 13. f4 Ned7 14. Rg1 O-O
15. e4 Rfd8 16. e5 Ne8 17. Nd5 Bxd2+ 18. Qxd2 Qc5+ 19. Kb1 c6 20. Ne3 Nf8 21.
Qc3 Rxd1+ 22. Nxd1 Ne6 23. Ne3 Rd8 1/2-1/2

[Event "46th Capablanca Memorial Open A"]
[Site "Havana CUB"]
[Date "2010.05.11"]
[Round "1.8"]
[White "Davila, Carlos"]
[Black "Vera Gonzalez-Quevedo, Reynaldo"]
[Result "1/2-1/2"]
[WhiteTitle "IM"]
[BlackTitle "GM"]
[WhiteElo "2307"]
[BlackElo "2500"]
[WhiteFideId "6100040"]
[BlackFideId "3500055"]
[EventDate "2011.05.11"]

1. e4 c5 2. Nf3 d6 3. d4 cxd4 4. Nxd4 Nf6 5. Nc3 a6 6. Be2 e6 7. f4 Be7 8. Be3
Qc7 9. g4 d5 10. exd5 Bb4 11. dxe6 Bxc3+ 12. bxc3 Qxc3+ 13. Kf2 fxe6 14. Qd3 Qc7
15. Rhf1 O-O 16. Kg1 Nd5 17. f5 Nxe3 18. Qxe3 exf5 19. gxf5 Qc5 20. Qb3+ Kh8 21.
Qc4 Qe7 22. Bf3 Nc6 23. Nxc6 bxc6 24. Bxc6 Rb8 25. Rae1 Qa7+ 26. Kh1 Bxf5 27.
Bg2 h6 1/2-1/2

[Event "46th Capablanca Memorial Open A"]
[Site "Havana CUB"]
[Date "2010.05.11"]
[Round "1.11"]
[White "Delgado Ramos, Hector"]
[Black "Pina Vega, Sulennis"]
[Result "1/2-1/2"]
[WhiteTitle "FM"]
[BlackTitle "WGM"]
[WhiteElo "2480"]
[BlackElo "2298"]
[WhiteFideId "3504824"]
[BlackFideId "3503151"]
[EventDate "2011.05.11"]

1. d4 d5 2. c4 dxc4 3. e3 a6 4. Bxc4 Nf6 5. a4 e6 6. Nf3 c5 7. O-O Nc6 8. Nc3
Be7 9. Qe2 cxd4 10. Rd1 e5 11. exd4 exd4 12. Nxd4 Nxd4 13. Qe5 Qd6 14. Qxd6 Bxd6
15. Rxd4 Bc5 16. Rd1 O-O 17. h3 Be6 18. Bxe6 fxe6 19. Be3 Bxe3 20. fxe3 Rfd8 21.
a5 Rxd1+ 22. Rxd1 Rc8 23. Rd6 Kf7 24. Rb6 Rc7 25. Rb4 Ke7 26. Kf2 Nd7 27. Ke2
Ne5 28. Re4 Rc5 29. Rb4 Rc7 30. Re4 Rc5 1/2-1/2

[Event "46th Capablanca Memorial Open A"]
[Site "Havana CUB"]
[Date "2010.05.11"]
[Round "1.12"]
[White "Tovio, Israel"]
[Black "Fernandez Cardoso, Alexey"]
[Result "1/2-1/2"]
[WhiteTitle "FM"]
[BlackTitle "FM"]
[WhiteElo "2297"]
[BlackElo "2473"]
[WhiteFideId "4402049"]
[BlackFideId "3504379"]
[EventDate "2011.05.11"]

1. e4 c5 2. Nf3 Nc6 3. Bb5 e6 4. O-O Nge7 5. b3 Nd4 6. Nxd4 cxd4 7. Bb2 a6 8.
Bd3 Nc6 9. c3 Bc5 10. Qh5 Ba7 11. cxd4 Nb4 12. Qh3 Qf6 13. Qe3 e5 14. Na3 exd4
15. Qe2 O-O 16. e5 Qe7 17. Nc2 Nxd3 18. Qxd3 Qxe5 19. Rfe1 Qh5 20. Nxd4 d6 21.
Qg3 Qh6 22. Bc3 Be6 23. Re2 d5 24. h3 Rac8 25. Rae1 Bd7 26. Qf3 Qd6 27. Nf5 Bxf5
28. Qxf5 h6 29. Be5 Qg6 30. Qxg6 fxg6 31. d4 Rfe8 32. Rd1 Rc6 33. Rdd2 Rc1+ 34.
Kh2 Bb6 35. Kg3 Rec8 36. Bd6 R8c6 37. Be5 Ba5 38. Rd3 R1c2 39. Rxc2 Rxc2 40. a3
Be1 41. Rf3 Bc3 42. a4 b5 43. axb5 axb5 44. Kh2 b4 45. Bd6 Bxd4 46. Rd3 Bc3 47.
Rxd5 Rxf2 48. Rb5 Re2 49. Bxb4 Be5+ 50. Kg1 Bg3 51. Rd5 Rb2 52. Rd1 Rxb3 1/2-1/2

[Event "46th Capablanca Memorial Open A"]
[Site "Havana CUB"]
[Date "2010.05.11"]
[Round "1.13"]
[White "Jimenez Fraga, Pedro Alejandro"]
[Black "Espinoza Palomino, Willyam"]
[Result "1-0"]
[WhiteTitle "FM"]
[BlackTitle "FM"]
[WhiteElo "2473"]
[BlackElo "2295"]
[WhiteFideId "3508188"]
[BlackFideId "3804852"]
[EventDate "2011.05.11"]

1. Nf3 Nf6 2. g3 b6 3. Bg2 Bb7 4. d3 g6 5. e4 d6 6. O-O Bg7 7. Nh4 Qc8 8. f4 O-O
9. Qe2 c5 10. Nd2 Nc6 11. c3 Qc7 12. Ndf3 Rad8 13. Bd2 Ba6 14. Rae1 e6 15. Ng5
Rfe8 16. Qf3 e5 17. f5 Rf8 18. fxg6 hxg6 19. Rf2 Bc8 20. Bh3 Nh7 21. Nxh7 Kxh7
22. Bxc8 Qxc8 23. g4 Qe6 24. Nf5 Kg8 25. Nh6+ Bxh6 26. Bxh6 f6 27. Bxf8 Rxf8 28.
g5 1-0

[Event "46th Capablanca Memorial Open A"]
[Site "Havana CUB"]
[Date "2010.05.11"]
[Round "1.14"]
[White "Castellanos Sanchez, Carlos M"]
[Black "Guerra Mendez, Jose Angel"]
[Result "0-1"]
[WhiteTitle "FM"]
[BlackTitle "IM"]
[WhiteElo "2293"]
[BlackElo "2472"]
[WhiteFideId "3501310"]
[BlackFideId "3508129"]
[EventDate "2011.05.11"]

1. e4 e5 2. Nc3 Bc5 3. Nf3 Nc6 4. Bc4 d6 5. d3 Be6 6. Bxe6 fxe6 7. Na4 Bb6 8.
Nxb6 axb6 9. O-O Nf6 10. Ng5 Qe7 11. f4 exf4 12. Bxf4 O-O 13. Nh3 h6 14. a3 Rf7
15. Bd2 Raf8 16. Bc3 e5 17. Qe2 d5 18. Rf2 Qc5 19. Rf1 dxe4 20. dxe4 Ne8 21. g3
Nd6 22. Kg2 Qc4 23. Re1 b5 24. Qd3 Nd4 25. Bxd4 exd4 26. Rxf7 Nxf7 27. e5 Qxd3
28. cxd3 Re8 29. e6 Nd6 30. Nf4 c6 31. h4 g5 32. hxg5 hxg5 33. Nh3 g4 34. Nf2
Kf8 35. Nxg4 Ke7 36. Nh2 Rg8 37. Re5 Kf6 38. Re1 Nf5 39. g4 Ne3+ 40. Kf3 Kxe6
41. Ke4 c5 42. b4 b6 43. Rg1 Rf8 44. bxc5 bxc5 45. Nf3 Nd5 46. Nxd4+ cxd4 47.
Kxd4 Kd6 48. Re1 Ra8 0-1

[Event "46th Capablanca Memorial Open A"]
[Site "Havana CUB"]
[Date "2010.05.11"]
[Round "1.16"]
[White "Martinez Lopez, Ivan"]
[Black "Hevia Alejano, Carlos Antonio"]
[Result "1/2-1/2"]
[BlackTitle "FM"]
[WhiteElo "2287"]
[BlackElo "2464"]
[WhiteFideId "2219409"]
[BlackFideId "3508811"]
[EventDate "2011.05.11"]

1. c4 e5 2. g3 Nc6 3. Bg2 g6 4. Nc3 Bg7 5. e4 d6 6. Nge2 h5 7. h4 Nf6 8. d3 Nh7
9. Be3 O-O 10. Qd2 Nd4 11. Bxd4 exd4 12. Nb5 c5 13. b4 a6 14. Na3 b6 15. O-O Ra7
16. Rab1 Nf6 17. bxc5 bxc5 18. Rb3 Ng4 19. Nc2 f5 20. Rb8 Rb7 21. Rxb7 Bxb7 22.
exf5 Bxg2 23. Kxg2 Qa8+ 24. f3 Rxf5 25. Ng1 Bh6 26. Qd1 Rf8 27. Nh3 Rb8 28. Qa1
Ne5 29. Ne1 d5 30. cxd5 Qxd5 31. Nf2 c4 32. Ne4 Bg7 33. dxc4 Qxc4 34. Rf2 Rf8
35. Rc2 Qd5 36. Rc5 Qf7 37. Ng5 Qd7 38. Qd1 Nf7 39. Nd3 Nxg5 40. Rxg5 Rf6 41.
Nf4 Qf7 42. Qc2 d3 43. Qxd3 Qxa2+ 44. Kh3 Qa1 45. Kh2 Qb2+ 46. Kh3 Qc1 47. Kh2
Qb2+ 48. Kh3 1/2-1/2

[Event "46th Capablanca Memorial Open A"]
[Site "Havana CUB"]
[Date "2010.05.11"]
[Round "1.17"]
[White "De La Paz Perdomo, Frank"]
[Black "Pulvett, Daniel"]
[Result "1-0"]
[WhiteTitle "GM"]
[BlackTitle "IM"]
[WhiteElo "2452"]
[BlackElo "2282"]
[WhiteFideId "3501833"]
[BlackFideId "3900410"]
[EventDate "2011.05.11"]

1. e4 c5 2. Nf3 d6 3. d4 cxd4 4. Nxd4 Nf6 5. Nc3 g6 6. g3 Bg7 7. Bg2 O-O 8. O-O
Nc6 9. Nde2 Rb8 10. a4 b6 11. h3 Bb7 12. Bg5 h6 13. Be3 Nd7 14. f4 1-0

[Event "46th Capablanca Memorial Open A"]
[Site "Havana CUB"]
[Date "2010.05.11"]
[Round "1.18"]
[White "Vigoa Apecheche, Yanira"]
[Black "Martinez Duanny, Lelys Stanley"]
[Result "0-1"]
[WhiteTitle "WIM"]
[BlackTitle "GM"]
[WhiteElo "2279"]
[BlackElo "2452"]
[WhiteFideId "3507041"]
[BlackFideId "3504727"]
[EventDate "2011.05.11"]

1. d4 Nf6 2. c4 c5 3. d5 e5 4. Nc3 d6 5. e4 Be7 6. Nf3 Nbd7 7. Be2 Nf8 8. O-O
Ng6 9. a3 O-O 10. Ne1 Nd7 11. g3 Bg5 12. Ng2 Bxc1 13. Rxc1 Nf6 14. Ne3 Bh3 15.
Re1 a6 16. b4 cxb4 17. axb4 a5 18. bxa5 Qxa5 19. Qc2 Nd7 20. Bf1 Bxf1 21. Rxf1
Nc5 22. Nb5 Ra6 23. Nf5 Qd8 24. Ra1 Qf6 25. Rxa6 bxa6 26. Nc3 Ne7 27. Ne3 Qf3
28. Qd1 Qxd1 29. Rxd1 Rb8 30. f3 g6 31. Rb1 Rxb1+ 32. Nxb1 f5 33. Nc3 Kf7 34.
Kf1 Kf6 35. Ke2 h5 36. Ned1 Nc8 37. h4 Nb6 38. Nb2 a5 39. Ke3 a4 40. Nb5 fxe4
41. fxe4 Ke7 42. Na3 Nbd7 43. Nd1 Nf6 44. Nc3 Kd7 45. Nab5 Ne8 46. Kd2 Nc7 47.
Na3 Kc8 48. Kc2 Kb7 49. Kb2 Kb6 50. Nab1 Ka5 51. Ka3 Na8 52. Nd2 Nb6 53. Kb2
Nbd7 54. Ka3 Nf6 55. Kb2 Kb4 56. Na2+ Ka5 57. Kc3 Ncxe4+ 58. Nxe4 Nxe4+ 59. Kd3
Nxg3 0-1

[Event "46th Capablanca Memorial Open A"]
[Site "Havana CUB"]
[Date "2010.05.11"]
[Round "1.19"]
[White "Gongora Reyes, Maikel"]
[Black "Sanchez Castillo, Sarai"]
[Result "0-1"]
[WhiteTitle "IM"]
[BlackTitle "IM"]
[WhiteElo "2452"]
[BlackElo "2268"]
[WhiteFideId "3503208"]
[BlackFideId "3900754"]
[EventDate "2011.05.11"]

1. d4 d5 2. c4 c6 3. Nf3 Nf6 4. e3 e6 5. Bd3 Nbd7 6. b3 Bd6 7. Bb2 O-O 8. O-O
Ne4 9. Qc1 f5 10. Ba3 Bxa3 11. Qxa3 Qf6 12. Qb2 g5 13. Ne5 Nxe5 14. dxe5 Qg7 15.
f4 b6 16. Bxe4 fxe4 17. Nc3 Bb7 18. Ne2 Rae8 19. cxd5 exd5 20. Ng3 gxf4 21. exf4
c5 22. b4 d4 23. bxc5 bxc5 24. Rac1 Rc8 25. f5 Bd5 26. f6 Qg5 27. Nf5 Kh8 28. h4
Qg4 29. Ne7 Rb8 30. Qa3 Rg8 31. Rc2 d3 32. Rb2 e3 33. Nxd5 e2 34. Ne3 Qd4 35.
Rxe2 dxe2 36. Re1 Rg3 37. Qxa7 Qxe3+ 38. Kh2 Rbg8 0-1

[Event "46th Capablanca Memorial Open A"]
[Site "Havana CUB"]
[Date "2010.05.11"]
[Round "1.20"]
[White "Adel Lahchaichi, Oussama"]
[Black "Borges Mateos, Juan"]
[Result "0-1"]
[WhiteTitle "FM"]
[BlackTitle "GM"]
[WhiteElo "2265"]
[BlackElo "2451"]
[WhiteFideId "2207885"]
[BlackFideId "3500160"]
[EventDate "2011.05.11"]

1. c4 c5 2. g3 Nc6 3. Bg2 g6 4. Nc3 Bg7 5. a3 e6 6. b4 d6 7. Rb1 Nge7 8. Nf3 O-O
9. O-O b6 10. bxc5 dxc5 11. Bb2 Bb7 12. Ne4 e5 13. d3 Qd7 14. Nc3 Rad8 15. Ne1
Nd4 16. Nc2 Bxg2 17. Kxg2 f5 18. f4 Rfe8 19. fxe5 Nxc2 20. Qxc2 Bxe5 21. Rf3 Nc6
22. Nd5 Qg7 23. Rf2 Re6 24. e3 Bxb2 25. Qxb2 Qxb2 26. Rbxb2 Ne7 27. e4 fxe4 28.
dxe4 Kg7 29. Rbe2 Nc6 30. Re1 Ne5 31. Ref1 Rd7 32. Rc2 Nf7 33. Re2 Nd6 34. Nf4
Ree7 35. e5 Nxc4 36. e6 Rd4 37. Nh3 h6 38. Rf4 g5 39. Rxd4 cxd4 40. Re4 Nxa3 41.
Rxd4 Nb5 0-1

[Event "46th Capablanca Memorial Open A"]
[Site "Havana CUB"]
[Date "2010.05.11"]
[Round "1.21"]
[White "Alarcon Casellas, Rolando"]
[Black "Fernandez Hernandez, Arturo A."]
[Result "1/2-1/2"]
[WhiteTitle "FM"]
[BlackTitle "FM"]
[WhiteElo "2448"]
[BlackElo "2265"]
[WhiteFideId "3507610"]
[BlackFideId "3509230"]
[EventDate "2011.05.11"]

1. e4 d6 2. d4 Nf6 3. Nc3 g6 4. Be2 Bg7 5. g4 c5 6. g5 Nfd7 7. Be3 Nc6 8. dxc5
Nxc5 9. h4 Be6 10. Qd2 Qa5 11. f3 Rc8 12. Bb5 Nd7 13. h5 Rg8 14. hxg6 hxg6 15.
Be2 a6 16. Nd5 Bxd5 17. exd5 Nb4 18. c3 Nxd5 19. Bd4 Bxd4 20. Qxd4 Qc5 21. Rd1
Ne3 22. Qxc5 Nxc5 23. Rd2 Ne6 24. Kf2 Nc4 25. Rc2 Nxg5 26. Rh4 d5 27. b3 Nd6 28.
Bd3 Kd7 29. Ne2 Ne6 30. c4 Nc5 31. Rd2 Nxd3+ 32. Rxd3 dxc4 33. bxc4 Rc5 34. Nc3
Rgc8 35. Na4 R5c6 36. c5 Rxc5 37. Nxc5+ Rxc5 38. Rd2 b5 39. Rh8 a5 40. Ra8 1/2-1/2

[Event "46th Capablanca Memorial Open A"]
[Site "Havana CUB"]
[Date "2010.05.11"]
[Round "1.22"]
[White "Ynojosa, Felix Jose"]
[Black "Obregon Rivero, Juan Carlos"]
[Result "1/2-1/2"]
[BlackTitle "FM"]
[WhiteElo "2255"]
[BlackElo "2445"]
[WhiteFideId "3900258"]
[BlackFideId "3507815"]
[EventDate "2011.05.11"]

1. e4 d6 2. d4 g6 3. c3 Nf6 4. Bd3 Bg7 5. Nf3 O-O 6. O-O c5 7. h3 Nc6 8. d5 Na5
9. c4 b5 10. cxb5 a6 11. bxa6 Bxa6 12. Nc3 Qb6 13. Rb1 Nd7 14. Bf4 Rfb8 15. Re1
Nc4 16. Na4 Qb7 17. b3 Nce5 18. Nxe5 Nxe5 19. Bxe5 Bxe5 20. Rc1 Qb4 21. Bxa6
Rxa6 22. Rc4 Qa3 23. Qe2 Ra7 24. Rec1 Rb4 25. g3 Bd4 26. Kg2 Kg7 27. R1c2 Rxc4
28. Qxc4 Rb7 29. h4 Rb4 30. Qa6 Rb8 31. Qa5 1/2-1/2

[Event "46th Capablanca Memorial Open A"]
[Site "Havana CUB"]
[Date "2010.05.11"]
[Round "1.23"]
[White "Otero Acosta, Diasmany"]
[Black "Calvo Quinteiro, Jose Manuel"]
[Result "1/2-1/2"]
[WhiteTitle "IM"]
[WhiteElo "2440"]
[BlackElo "2247"]
[WhiteFideId "3503186"]
[BlackFideId "3505154"]
[EventDate "2011.05.11"]

1. d4 e6 2. c4 Nf6 3. Nc3 Bb4 4. f3 d5 5. a3 Be7 6. e4 dxe4 7. fxe4 e5 8. d5 Bc5
9. Nf3 Bg4 10. h3 Bh5 11. Bd3 Nbd7 12. Qe2 O-O 13. Bd2 c6 14. O-O-O cxd5 15.
exd5 Re8 16. g4 Bg6 17. Bxg6 hxg6 18. Ng5 Rc8 19. h4 e4 20. h5 gxh5 21. gxh5 Ne5
22. h6 Qb6 23. Ngxe4 Nxe4 24. Qxe4 Bxa3 25. bxa3 Nxc4 26. Qb1 Qa6 27. Qb4 Ne5
28. Rh3 Nd3+ 29. Rxd3 Qxd3 30. hxg7 Qxd5 31. Qh4 f6 32. Rg1 Qd3 33. Qh8+ Kf7 34.
Qh5+ Kg8 35. Qh8+ Kf7 1/2-1/2

[Event "46th Capablanca Memorial Open A"]
[Site "Havana CUB"]
[Date "2010.05.11"]
[Round "1.24"]
[White "Perez Rodriguez, Jennifer"]
[Black "Perez Garcia, Rodney"]
[Result "0-1"]
[WhiteTitle "WIM"]
[BlackTitle "IM"]
[WhiteElo "2227"]
[BlackElo "2440"]
[WhiteFideId "3507831"]
[BlackFideId "3500918"]
[EventDate "2011.05.11"]

1. d4 d5 2. c4 c6 3. Nf3 dxc4 4. Nc3 b5 5. a4 b4 6. Na2 e6 7. e4 Ba6 8. Ne5 Nf6
9. Bg5 c5 10. dxc5 Qc7 11. Nxc4 Nxe4 12. Nd6+ Nxd6 13. cxd6 Bxd6 14. Rc1 Qd7 15.
Qf3 Bb7 16. Bb5 O-O 17. Qd3 Nc6 18. Rd1 a6 19. Qxd6 Qxd6 20. Rxd6 axb5 21. axb5
Ne5 22. f4 Nc4 0-1

[Event "46th Capablanca Memorial Open A"]
[Site "Havana CUB"]
[Date "2010.05.11"]
[Round "1.25"]
[White "Quesada Vera, Liordis"]
[Black "Miranda Llanes, Yerisbel"]
[Result "1-0"]
[WhiteTitle "FM"]
[BlackTitle "WFM"]
[WhiteElo "2438"]
[BlackElo "2226"]
[WhiteFideId "3507009"]
[BlackFideId "3507700"]
[EventDate "2011.05.11"]

1. d4 d5 2. Nf3 Nf6 3. g3 e6 4. Bg2 c5 5. O-O Nc6 6. c4 Be7 7. cxd5 Nxd5 8. e4
Nf6 9. e5 Nd7 10. dxc5 Bxc5 11. Qe2 O-O 12. Nc3 Nd4 13. Nxd4 Bxd4 14. Bf4 Bxc3
15. bxc3 Rb8 16. Rad1 b6 17. Rd4 Qc7 18. Rfd1 Nc5 19. Bg5 Bb7 20. Bf6 h6 21. Rg4 1-0

[Event "46th Capablanca Memorial Open A"]
[Site "Havana CUB"]
[Date "2010.05.11"]
[Round "1.26"]
[White "Zavarce, Oscar Enrique"]
[Black "Rasmussen, Karsten"]
[Result "0-1"]
[WhiteTitle "FM"]
[BlackTitle "IM"]
[WhiteElo "2223"]
[BlackElo "2434"]
[WhiteFideId "3902501"]
[BlackFideId "1400088"]
[EventDate "2011.05.11"]

1. e4 c6 2. c4 e5 3. Nc3 Nf6 4. Nf3 Bb4 5. Nxe5 Qe7 6. Nd3 Nxe4 7. Nxe4 Qxe4+ 8.
Qe2 Qxe2+ 9. Bxe2 Be7 10. O-O Bf6 11. Rb1 d6 12. b4 Bf5 13. b5 O-O 14. Rb3 Nd7
15. Ba3 c5 16. Nf4 Nb6 17. d3 Be5 18. Bc1 Rae8 19. Bf3 Re7 20. Ra3 h6 21. g4 Bh7
22. Rd1 g5 23. Nd5 Nxd5 24. Bxd5 b6 25. h4 Bf6 26. hxg5 hxg5 27. Kf1 Kg7 28. Be3
Bg6 29. Bc6 Rh8 30. Kg2 Rh4 31. Bf3 Kh6 32. Rh1 Rxh1 33. Kxh1 Bb2 34. Rb3 Be5
35. Kg2 f5 36. gxf5 Bxf5 37. Be4 Kg6 38. Rb1 Rh7 39. Kf3 Rh3+ 40. Ke2 Kf6 41.
Rg1 g4 42. Bd5 Rh2 43. Be4 Be6 44. Rh1 Rh3 45. Bg2 Rxh1 46. Bxh1 Bh2 47. Bd2 Bf5
48. Bc3+ Be5 49. Bxe5+ Kxe5 50. Ke3 Be6 51. Bg2 d5 52. Bf1 Bd7 53. Be2 Bc8 54.
Bf1 a6 55. a4 a5 56. Bg2 dxc4 57. dxc4 Bf5 58. f3 g3 59. f4+ Kf6 60. Kd2 Be6 0-1

[Event "46th Capablanca Memorial Open A"]
[Site "Havana CUB"]
[Date "2010.05.11"]
[Round "1.28"]
[White "Llaudy Pupo, Lisandra"]
[Black "Arenas, David"]
[Result "0-1"]
[WhiteTitle "WIM"]
[BlackTitle "IM"]
[WhiteElo "2216"]
[BlackElo "2427"]
[WhiteFideId "3506487"]
[BlackFideId "4403177"]
[EventDate "2011.05.11"]

1. e4 c5 2. Nf3 g6 3. g3 Bg7 4. Bg2 Nc6 5. d3 d6 6. O-O Nf6 7. c3 O-O 8. Re1 e5
9. a3 h6 10. b4 b6 11. Nbd2 Re8 12. Bb2 Qc7 13. Rc1 Bb7 14. Nb3 a6 15. Nfd2 Nd8
16. Nc4 Bc6 17. Nbd2 Nb7 18. Ne3 Qd7 19. c4 Ba4 20. Qe2 b5 21. f4 a5 22. bxc5
Nxc5 23. f5 b4 24. h4 Bc6 25. Ra1 Qe7 26. Bf1 h5 27. Bh3 Bh6 28. Ndf1 b3 29. Kh2
Kh7 30. Rab1 Rg8 31. Nd2 g5 32. hxg5 Rxg5 33. Nf3 Rg7 34. Rg1 Rag8 35. Nf1 Rh8
36. Kh1 Kg8 37. Rd1 Ng4 38. Bxg4 hxg4 39. N3h2 Qg5 40. Qf2 Nxd3 41. Rxd3 Bxe4+ 0-1